| 000 | 00784nam a2200289Ia 4500 | ||
|---|---|---|---|
| 003 | OSt | ||
| 005 | 20240920150146.0 | ||
| 006 | a|||||r|||| 00| 0 | ||
| 007 | ta | ||
| 008 | 220923b |||||||| |||| 00| 0 eng d | ||
| 020 | _a0321079167 | ||
| 037 | _cGeneral Book | ||
| 040 |
_aRTL _cRTL _beng |
||
| 041 |
_2eng _aeng |
||
| 082 | _aX:71, P1/TD1 | ||
| 100 |
_aJehle, Geoffrey A. _9243394 |
||
| 245 | 0 | _aAdvanced microeconomic theory | |
| 250 | _a2nd | ||
| 260 |
_aBoston _bAddison Wesley _c2002 |
||
| 300 |
_axiv, 543p _ccm. |
||
| 490 | _aAddison-Wesley Series in Economics | ||
| 500 | _aBibliography P 531-533 | ||
| 650 | _aMicroeconomics | ||
| 700 |
_a Reny, Philip J. _9243395 |
||
| 942 |
_hX:71, P1/TD1 _cGB _2CC |
||
| 999 |
_c487484 _d487484 |
||